000 00596nam a2200205Ia 4500
999 _c7514
_d7514
003 0100
005 20170504123736.0
008 130303s9999 xx 000 0 und d
020 _a5010018284
040 _cARRUPELIB
050 _aDT1110.R47D4813 1988
100 _aDavidson, Apollon D.
_98298
245 _aCecil Rhodes and his time = Sesilp Rods i ego vremia.English
260 _bProgress Publishers
_aMoscow
_c1988
300 _a442p. 21cm
600 _aRhodes, Cecil
_98299
700 _aA.B Davidson , Title, Sesilp Rods i ego vremia.English
_98300
942 _2lcc
_cMONOGRAPH
_01